| 000 | 01603nam a22004094a 4500 | ||
|---|---|---|---|
| 001 | ebr10202490 | ||
| 003 | CaPaEBR | ||
| 006 | m u | ||
| 007 | cr cn||||||||| | ||
| 008 | 070308m20089999maub sb 001 0 eng | ||
| 010 | _z 2007010132 | ||
| 015 |
_aGBA753209 _2bnb |
||
| 016 | 7 |
_z013789114 _2Uk |
|
| 020 | _z9780262042420 (hardcover : alk. paper) | ||
| 020 | _z0262042428 (hardcover : alk. paper) | ||
| 040 |
_aCaPaEBR _cCaPaEBR |
||
| 035 | _a(OCoLC)647686227 | ||
| 041 | 0 |
_aeng _abaq |
|
| 050 | 1 | 4 |
_aPH5031 _b.R54 2008eb |
| 082 | 0 | 4 |
_a499/.9282421 _222 |
| 100 | 1 | _aRijk, Rudolf P. G. de. | |
| 245 | 1 | 0 |
_aStandard Basque : _ba progressive grammar _h[electronic resource] / _cRudolf P.G. de Rijk. |
| 260 |
_aCambridge, Mass. : _bMIT Press, _cc2008- |
||
| 300 |
_av. <1- > : _bmap. |
||
| 490 | 1 |
_aCurrent studies in linguistics ; _v44 |
|
| 500 | _aVol. 2: by Rudolf P.G. de Rijk and Armand De Coene. | ||
| 504 | _aIncludes bibliographical references and indexes. | ||
| 505 | 1 | _av. 1. The grammar | |
| 533 |
_aElectronic reproduction. _bPalo Alto, Calif. : _cebrary, _d2013. _nAvailable via World Wide Web. _nAccess may be limited to ebrary affiliated libraries. |
||
| 650 | 0 |
_aBasque language _xGrammar. |
|
| 650 | 0 |
_aBasque language _vTextbooks for foreign speakers _xEnglish. |
|
| 655 | 7 |
_aElectronic books. _2local |
|
| 700 | 1 | _aCoene, Armand de. | |
| 710 | 2 | _aebrary, Inc. | |
| 830 | 0 |
_aCurrent studies in linguistics series ; _v44. |
|
| 856 | 4 | 0 |
_uhttp://site.ebrary.com/lib/rucke/Doc?id=10202490 _zAn electronic book accessible through the World Wide Web; click to view |
| 999 |
_c119008 _d119008 |
||